| 000 | 00478nam a2200181Ia 4500 | ||
|---|---|---|---|
| 001 | 9933 | ||
| 008 | 140327s9999 xx 000 0 und d | ||
| 020 | _a0-536-00894-9 | ||
| 040 | _cPK-LaUMT | ||
| 082 |
_a 657.42 _bCOS- |
||
| 100 | _aAntil, Regina, J. Ed. | ||
| 245 |
_aCost accounting : A managerial emphasis _cAntil, Regina, J. Ed.<>Reichelstein, Stefan, Ed. |
||
| 260 | _c1997 | ||
| 300 | _a556 p. | ||
| 546 | _aEN | ||
| 700 | _aReichelstein, Stefan, Ed. | ||
| 942 | _cBK | ||
| 999 |
_c10996 _d10996 |
||